| 000 | 00685nac a22001811u 4500 | ||
|---|---|---|---|
| 020 | _a812032398x | ||
| 082 |
_a621.3815 _bD2296 |
||
| 090 |
_c903 _d903 |
||
| 100 | _aDasgupta, Nandini | ||
| 245 | 1 | 0 |
_aSemiconductor devices : _bModelling and technology _cNandini Dasgupta, Amitava DasGupta. |
| 260 |
_aNew Delhi : _bPrentice Hall of India, _c2004. |
||
| 300 |
_a330 p. : _bill. ; _c24 cm. |
||
| 500 | _aIncludes index. | ||
| 650 | 0 |
_aSemiconductors _vCongresses. |
|
| 700 | 1 | _aDasGupta, Amitava | |
| 942 |
_cBB _k621.3815D2296 |
||
| 999 |
_c903 _d903 |
||